Ezra Pound / (Record no. 7022)

MARC details
000 -LEADER
campo de control de longitud fija 00731nam a2200241 i 4500
001 - NÚMERO DE CONTROL
campo de control 7022
003 - IDENTIFICADOR DE NÚMERO DE CONTROL
campo de control ES-MaACL
005 - FECHA Y HORA DE LA ÚLTIMA TRANSACCIÓN
campo de control 20230906145137.0
007 - CAMPO FIJO DE DESCRIPCIÓN FÍSICA--INFORMACIÓN GENERAL
campo de control de longitud fija t|
008 - DATOS DE LONGITUD FIJA--INFORMACIÓN GENERAL
campo de control de longitud fija 900723s1989 sp ||||1| spa d
020 ## - NÚMERO INTERNACIONAL ESTÁNDAR DEL LIBRO
Número Internacional Estándar del Libro 84-7822-978-7
080 ## - NÚMERO DE LA CLASIFICACIÓN DECIMAL UNIVERSAL
Número de la Clasificación Decimal Universal 92 Pound, Ezra
100 1# - ENTRADA PRINCIPAL--NOMBRE DE PERSONA
Nombre de persona Stock, Noel.
9 (RLIN) 108248
245 10 - MENCIÓN DEL TÍTULO
Título Ezra Pound /
Mención de responsabilidad, etc. Noel Stock.
260 ## - PUBLICACIÓN, DISTRIBUCIÓN, ETC.
Lugar de publicación, distribución, etc. Valencia :
Nombre del editor, distribuidor, etc. Edicions Alfons el Magnanim,
Fecha de publicación, distribución, etc. D.L. 1989.
300 ## - DESCRIPCIÓN FÍSICA
Extensión 579 p. ;
Dimensiones 22 cm.
490 1# - MENCIÓN DE SERIE
Mención de serie Colección Debates/biografía ;
Designación de volumen o secuencia 8
500 ## - NOTA GENERAL
Nota general Indice de nombres.
600 14 - PUNTO DE ACCESO ADICIONAL DE MATERIA--NOMBRE DE PERSONA
Nombre de persona Pound, Ezra (
Fechas asociadas al nombre 1885-1972)-
Subdivisión general Biografías.
9 (RLIN) 93451
830 0# - PUNTO DE ACCESO ADICIONAL DE SERIE-TÍTULO UNIFORME
Título uniforme Colección Debates/biografía ;
Designación de volumen o secuencia 8
9 (RLIN) 178837
852 ## - LOCALIZACIÓN
Ubicación ES-MaACL
Número de control de estantería L-14290
Sublocalización o colección R.118222
Nota libre . - cart.
Holdings
Estatus retirado Estado de pérdida Estado de daño No para préstamo Biblioteca de origen Biblioteca actual Ubicación en estantería Fecha de adquisición Fuente de adquisición Total de préstamos Signatura topográfica completa Código de barras Visto por última vez Precio de reemplazo Tipo de ítem Koha
        Biblioteca del Ateneo de Madrid Biblioteca del Ateneo de Madrid Depósito 2 17/01/2008     L-14290 1007159 23/02/2023 23/02/2023 Libro impreso